[Event "1. Oeffinger Jubiläumsopen"]
[Site "Ditzingen"]
[Date "2010.05.22"]
[Round "1.19"]
[White "Hedler, Thomas"]
[Black "Reiser, Marck"]
[Result "1-0"]
[WhiteElo "1790"]
[BlackElo "1507"]
[PlyCount "43"]
[EventDate "2010.??.??"]

1. Nc3 d5 2. e4 dxe4 3. Nxe4 e6 4. Bc4 Nf6 5. Ng3 Bc5 6. Nf3 Nc6 7. c3 O-O 8.
d4 Be7 9. O-O Re8 10. Be3 Nd5 11. Qc2 Nxe3 12. fxe3 Bg5 13. Nxg5 Qxg5 14. Rf3
Bd7 15. Ne4 Qe7 16. Rg3 Na5 17. Bd3 e5 18. dxe5 Kh8 19. Rf1 h6 20. Nf6 Rf8 21.
Bb5 gxf6 22. Rxf6 1-0

[Event "1. Oeffinger Jubiläumsopen"]
[Site "Ditzingen"]
[Date "2010.05.22"]
[Round "1.20"]
[White "Mejerski, Stephan"]
[Black "Häberlein, Günter"]
[Result "1-0"]
[WhiteElo "1487"]
[BlackElo "1780"]
[PlyCount "43"]
[EventDate "2010.??.??"]

1. e4 d5 2. exd5 Nf6 3. Nc3 Nxd5 4. Nxd5 Qxd5 5. Nf3 Bg4 6. Be2 c6 7. d4 e6 8.
h3 Bxf3 9. Bxf3 Qa5+ 10. Bd2 Qb6 11. Bc3 Bb4 12. O-O Bxc3 13. bxc3 Nd7 14. c4
Rd8 15. c3 Nf6 16. Rb1 Qc7 17. Qb3 Rd7 18. d5 cxd5 19. cxd5 Nxd5 20. Bxd5 Rxd5
21. Qxb7 Rd7 22. Qxc7 1-0

[Event "1. Oeffinger Jubiläumsopen"]
[Site "Ditzingen"]
[Date "2010.05.22"]
[Round "1.29"]
[White "Rosswog, Peter"]
[Black "Erkic, Marko"]
[Result "1-0"]
[WhiteElo "1695"]
[BlackElo "1183"]
[PlyCount "55"]
[EventDate "2010.??.??"]

1. e4 e5 2. Nf3 Nf6 3. d4 d6 4. Nc3 Be7 5. dxe5 dxe5 6. Qxd8+ Bxd8 7. Nxe5 O-O
8. Bc4 b6 9. f3 Nbd7 10. Nxd7 Bxd7 11. Bg5 Re8 12. O-O-O Be6 13. Bb5 Rf8 14.
Bc6 Rb8 15. e5 Nh5 16. Bxd8 Rfxd8 17. Nb5 a6 18. Nxc7 Rdc8 19. Nxa6 Rxc6 20.
Nxb8 Rc8 21. Nc6 Kf8 22. Rd8+ Rxd8 23. Nxd8 Ke7 24. Nxe6 Kxe6 25. Re1 g6 26.
Re4 f5 27. exf6+ Kxf6 28. Rb4 1-0

[Event "1. Oeffinger Jubiläumsopen"]
[Site "?"]
[Date "2010.05.22"]
[Round "1.4"]
[White "Tölg, Wolfgang"]
[Black "Meschke, Andreas"]
[Result "0-1"]
[WhiteElo "1773"]
[BlackElo "2116"]
[PlyCount "58"]
[EventDate "2010.??.??"]

1. e4 e5 2. f4 Bc5 3. Nf3 d6 4. Bc4 Nf6 5. d3 Nc6 6. Nc3 Ng4 7. Qe2 Nd4 8. Nxd4
Bxd4 9. Nd1 Qh4+ 10. g3 Qh3 11. c3 Bb6 12. fxe5 Nxe5 13. Ne3 Bxe3 14. Bxe3 Bg4
15. Qf1 Nxc4 16. dxc4 O-O 17. Kd2 Rfe8 18. Kd3 Qh5 19. Qf2 Bf3 20. Rhf1 Bxe4+
21. Kd2 Re6 22. Rae1 Rf6 23. Qg1 Rxf1 24. Rxf1 Qa5 25. Ra1 d5 26. c5 Qb5 27.
Qc1 Re8 28. a4 Qd3+ 29. Ke1 Bf3 0-1

[Event "Simultan"]
[Site "Ditzingen"]
[Date "2010.06.19"]
[Round "?"]
[White "Braun, Arik"]
[Black "Löwe, Joachim"]
[Result "1/2-1/2"]
[WhiteElo "2580"]
[BlackElo "1943"]
[PlyCount "65"]
[EventDate "2010.??.??"]

1. d4 Nf6 2. c4 g6 3. Nf3 Bg7 4. g3 O-O 5. Bg2 d6 6. O-O c6 7. b3 Qc7 8. Bb2 b6
9. Nbd2 Nbd7 10. e4 e5 11. Re1 Bb7 12. d5 c5 13. a3 Rfe8 14. Re2 Nf8 15. Ne1
Nh5 16. Bf3 Bc8 17. Nd3 f5 18. exf5 Bxf5 19. Ne4 Bxe4 20. Bxe4 Nf6 21. Bg2 g5
22. Be4 Qf7 23. Qd2 Nxe4 24. Rxe4 Qf5 25. Rae1 Nd7 26. Bc1 Nf6 27. R4e2 h6 28.
Rf1 g4 29. Ne1 Rf8 30. Qc2 Nd7 31. Qxf5 Rxf5 32. Nc2 h5 33. Ne3 1/2-1/2

[Event "Simultan"]
[Site "Ditzingen"]
[Date "2010.06.19"]
[Round "?"]
[White "Braun, Arik"]
[Black "Löwe, Joachim"]
[Result "1/2-1/2"]
[WhiteElo "2580"]
[BlackElo "1943"]
[PlyCount "96"]
[EventDate "2010.??.??"]

1. d4 Nf6 2. c4 g6 3. Nf3 Bg7 4. g3 O-O 5. Bg2 d6 6. O-O c6 7. b3 Qc7 8. Bb2 b6
9. Nbd2 Nbd7 10. e4 e5 11. Re1 Bb7 12. d5 c5 13. a3 Rfe8 14. Re2 Nf8 15. Ne1
Nh5 16. Bf3 Bc8 17. Nd3 f5 18. exf5 Bxf5 19. Ne4 Bxe4 20. Bxe4 Nf6 21. Bg2 g5
22. Be4 Qf7 23. Qd2 Nxe4 24. Rxe4 Qf5 25. Rae1 Nd7 26. Bc1 Nf6 27. R4e2 h6 28.
Rf1 g4 29. Ne1 Rf8 30. Qc2 Nd7 31. Qxf5 Rxf5 32. Nc2 h5 33. Ne3 Rf3 34. Kg2
Raf8 35. h3 gxh3+ 36. Kxh3 Kh7 37. Kg2 Bh6 38. Rh1 Kg6 39. Bd2 Bg5 40. b4 R3f7
41. Nf1 Rf3 42. Bxg5 Kxg5 43. Ne3 R8f7 44. Rb2 Nf8 45. bxc5 bxc5 46. Rh4 Ng6
47. Re4 h4 48. a4 h3+ 1/2-1/2